00329nam a2200121Ia 4500008004100000041000800041082001200049100002600061245003900087260004400126300003000170365000700200240624s9999 xx 000 0 und d aeng a657 BHA aBHATTACHARYYA ASISH K aESSENTIALS OF FINANCIAL ACCOUNTING c2007aNew DelhibPrentice-Hall of India axv, : 492 : p. : cm. ; 23 cRS